| 000 | 00566nam a22002057a 4500 | ||
|---|---|---|---|
| 003 | OSt | ||
| 005 | 20140310181757.0 | ||
| 008 | 130701t xxu||||| |||| 00| 0 eng d | ||
| 022 | _a9711350874 | ||
| 050 |
_aQK 583 _b.L698 1986 |
||
| 082 |
_aFIL 589.1 _bL617 1986 |
||
| 245 |
_aLichen studies : _bFor beginners |
||
| 260 |
_aQuezon City, Philippines : _bInstitute for Science and Mathematics Education Development, _cc1986. |
||
| 300 |
_a17 p. ; _c21 cm. |
||
| 520 | _a1. Lichens. | ||
| 521 | _a | ||
| 541 | _j1 | ||
| 562 | _e1 | ||
| 942 |
_2lcc _cBK-FIL _kFIL |
||
| 999 |
_c3471 _d3471 |
||